zpět

Detail výsledku týmu

Koruna, Břeclav

Datum a čas kvízu

21 Celkem bodů Celkový počet nahraných bodů na tomto kvízu bez doplňovacích otázek.
7. Pořadí na kvízu Konečné umístění týmu na tomto kvízu.

Zaznamenané odpovědi

# Otázka Odpověď Body Výsledky
1. Úředníci pražského katastrální... 0
2. Extrémní sněhovou nadílku, kte... 0
3. Jistá značka vodky přišla tent... 1
4. Jak se jmenuje firma Elona Mus... 1
5. Norští olympijští kuchaři si s... 0
6. Ke které knize odkazuje tento... 1
7. Jak se jmenuje pás ostrovů, do... 1
8. Jak nazýváme vojensko-politick... 0
9. Zapátrejte v paměti a napište,... 0
10. Kterou lichotivou přezdívkou č... 1